| 000 | 01164nam a22002777a 4500 | ||
|---|---|---|---|
| 005 | 20100918105748.0 | ||
| 008 | 100918t xxu||||| |||| 00| 0 mar d | ||
| 010 | _aMAR-20279 | ||
| 020 |
_c100.00 _a8189634534 |
||
| 035 | _aMR-12937 | ||
| 037 | _bDBAD/PUB | ||
| 040 |
_aDPL _bMR |
||
| 082 | _a920 | ||
| 100 |
_920631 _aदीक्षित,म. श्री. |
||
| 245 |
_aपुण्याचे शिल्पकार / _cम.श्री.दीक्षित |
||
| 246 |
_aPuanyachey Shilpkar _bby M S Dixit |
||
| 260 |
_aपुणे _bस्नेहवर्धन प्रकाशन _c2010 |
||
| 270 |
_a833, सदाशिव पेठ, महात्मा फुले सभागृहमागे _bपुणे _e411030 |
||
| 300 |
_a116पृ _c21 सेमी (अजिल्द) |
||
| 650 |
_aजीवन चरित्र _920632 |
||
| 650 |
_aBiography _920633 |
||
| 700 | _921188 | ||
| 700 | _921189 | ||
| 942 |
_2ddc _cMR _h920 _mदीक्षित |
||
| 999 |
_c47656 _d47656 |
||